| 000 | 01859nam a2200349Ia 4500 | ||
|---|---|---|---|
| 001 | ebr10137750 | ||
| 003 | CaPaEBR | ||
| 006 | m u | ||
| 007 | cr cn||||||||| | ||
| 008 | 020406s2002 onca sb f000 0 eng d | ||
| 016 | _z2002980096X | ||
| 020 | _z0889369984 | ||
| 040 |
_aCaPaEBR _cCaPaEBR |
||
| 035 | _a(OCoLC)51811626 | ||
| 050 | 1 | 4 |
_aHD58.9 _b.O74 2002eb |
| 082 | 0 | 4 |
_a658.1 _221 |
| 245 | 0 | 0 |
_aOrganizational assessment _h[electronic resource] : _ba framework for improving performance / _cCharles Lusthaus ... [et al.]. |
| 260 |
_aOttawa : _bInternational Development Research Centre, _c2002. |
||
| 300 |
_axii, 202 p. : _bill. |
||
| 504 | _aIncludes bibliographical references: p. [191]-202. | ||
| 505 | 0 | _aCh. 1. Introduction: Changes in Development Assistance -- Ch. 2. The Enabling Environment and Organizational Performance -- Ch. 3. Capacity -- Ch. 4. Organizational Motivation -- Ch. 5. Performance -- Ch. 6. Methodological Issues in Organizational Assessment -- Ch. 7. Implementing an Organizational Assessment -- App. 1. Environment Assessment Questions -- App. 2. An Organizational Assessment - Sample Report Outline. | |
| 533 |
_aElectronic reproduction. _bPalo Alto, Calif. : _cebrary, _d2009. _nAvailable via World Wide Web. _nAccess may be limited to ebrary affiliated libraries. |
||
| 550 | _aCo-published by: Inter-American Development Bank. | ||
| 650 | 0 |
_aOrganizational effectiveness _xEvaluation. |
|
| 650 | 0 |
_aSustainable development _zDeveloping countries. |
|
| 655 | 7 |
_aElectronic books. _2local |
|
| 700 | 1 | _aLusthaus, Charles. | |
| 710 | 2 | _aInter-American Development Bank. | |
| 710 | 2 | _aInternational Development Research Centre (Canada) | |
| 710 | 2 | _aebrary, Inc. | |
| 856 | 4 | 0 |
_uhttp://site.ebrary.com/lib/rucke/Doc?id=10137750 _zAn electronic book accessible through the World Wide Web; click to view |
| 999 |
_c186231 _d186231 |
||